Cómo fomentar los hábitos de lectura

Guardat en:
Dades bibliogràfiques
Autor principal: Charmeux, Eveline (Autor)
Format: Llibre
Idioma:espanyol
Publicat: Barcelona CEAC 1992
Col·lecció:Colección Educación y Enseñanza. Serie Aula Práctica
Matèries:
Etiquetes: Afegir etiqueta
Sense etiquetes, Sigues el primer a etiquetar aquest registre!

MARC

LEADER 00000nam a2200000 a 4500
001 UCQ9407
003 CL-VaPUC
008 981230e19920000SP |||||||||||||||||spa|d
082 0 4 |a 372.4  |b CHA  |2 21 
100 0 |a Charmeux, Eveline  |e author  |9 423932 
245 1 0 |a Cómo fomentar los hábitos de lectura 
300 |a 156 p 
942 |c BK 
945 |d 19981230 00:00:00  |a aarredon 
260 |a Barcelona  |b CEAC  |c 1992 
650 0 |a Lectura  |9 307634 
650 0 |a Hábitos de lectura  |9 345590 
650 0 |a Métodos de enseñanza  |9 270413 
650 0 |a Lectores   |9 367970 
650 0 |a Pedagogía  |9 255351 
650 0 |a Escolares   |9 337248 
583 |a last modification  |c 19981230 00:00:00  |k Rodrigo Vera 
490 0 |a Colección Educación y Enseñanza. Serie Aula Práctica 
999 |c 278418  |d 278416 
952 |0 0  |1 0  |4 0  |6 372_400000000000000_CHA_1992  |7 0  |8 A  |9 316931  |a BIBEDU  |b BIBEDU  |c ES_NOD  |d 2019-11-20  |i 349523K  |o 372.4 CHA 1992  |p 349523K  |r 2023-08-09  |w 2019-11-20  |y BK  |k BME